| 000 | 01526nam a22002417a 4500 | ||
|---|---|---|---|
| 003 | DO-SdBJH | ||
| 005 | 20240828135512.0 | ||
| 008 | 240828b |||||||| |||| 00| 0 spa d | ||
| 040 |
_aDO-SdBJH _bspa _cDO-SdBJH |
||
| 090 |
_aTG ANGM _b02110 2022 |
||
| 100 | 1 |
_aSuero García, Yajaira _esustentante |
|
| 245 | 1 | 0 |
_aProtección y conservación, acciones multi institucionales en la República Dominicana, rol de la Armada como protectora de las costas / _cYajaira Suero García, Jeryko Familia Guzmán, asesores Manuel Feliz Ledesma, Máximo Peña De León |
| 260 |
_aSanto Domingo Este : _bINSUDE, _c2022 |
||
| 300 | _ai, 36 páginas, mapa, tabla | ||
| 502 | _aTrabajo de grado (Licenciado en Ciencias Navales). -- Instituto Superior para la Defensa (INSUDE). Academia Naval Marina de Guerra “Vicealmirante Cesar D’Windt Lavandier”, 2022 | ||
| 504 | _aIncluye referencias bibliográficas e índices | ||
| 505 | _aCuidado de las costas en la República Dominicana. -- La Armada y las instituciones que intervienen en la protección de las costas Dominicana. -- Leyes, convenios y acciones utilizada por la Armada de la República Dominicana y las instituciones para la protección de las costas Dominicana. -- | ||
| 700 | 1 |
_aFamilia Guzmán, Jeryko _esustentante |
|
| 700 | 1 |
_aFeliz Ledesma, Manuel _easesor |
|
| 700 | 1 |
_aPeña De León, Máximo _easesor |
|
| 830 | _aINSUDE. Academia Naval Marina de Guerra “Vicealmirante Cesar D’Windt Lavandier”. Tesis y disertaciones académicas | ||
| 942 |
_2CL _cT |
||
| 999 |
_c7821 _d7821 |
||